Sanat - "Kissankulman kauhu, Eemeli" - Statistics

Yleistilastot
  • Tätä visaa on pelattu 65 kertaa
  • Keskiarvotulos 54 / 113
Vastaustilastot
Vastaus % Oikein
hän
95%
ettei
92%
oli
92%
on
92%
Eemeleitä
89%
Eemeli
89%
enemmän
89%
hyvä
89%
Kissankulman
89%
lapsi
89%
minkälainen
89%
ole
89%
Herranjestas
86%
KERTOSÄE
86%
Voi
84%
häntä
78%
kauhuksi
78%
kutsuttiin
78%
Eemeliin
68%
epäilykset
68%
heti
68%
jos
68%
asui
65%
kohdistui
65%
palopilli
65%
sitten
65%
alkoi
62%
Kauan
62%
pikkupoika
62%
soida
62%
villi
62%
jossain
59%
kerran
57%
Iida
54%
lipputankoon
51%
duu-dul
49%
duu-dul-dei
49%
maalla
49%
pikkusiskon
49%
se
49%
kiskaisi
41%
lähellä
41%
kuin
38%
sai
38%
Sing
38%
sing
38%
jäi
35%
kiinni
32%
kulho
32%
mut
32%
ylhäällä
32%
ajatuksen
30%
joutui
30%
näkee
30%
sieltä
30%
ei
27%
käpy
27%
mutta
27%
päässään
27%
paljon
27%
sairaalaan
27%
hörökorvistaan
24%
Kesäkeittopataan
24%
kuusipuussa
24%
sukelluksen
24%
teki
24%
toukokuussa
24%
varmasti
24%
esti
22%
kiikkui
22%
korvat
22%
isot
19%
tukehduksen
19%
ollut
16%
aikoinaan
14%
arestissa
14%
edes
14%
Eemelimme
14%
historiaan
14%
istui
14%
jäivät
14%
Kaikki
14%
kiltti
14%
monet
14%
niistä
14%
nytkin
14%
päivät
14%
puhutaan
14%
pyöreinä
14%
silloinkaan
14%
silmät
14%
temput
14%
Ehtoja vastaavia visoja ei löytynyt
Tulosjakauma
Jokaisen tuloksen saaneiden osuus
Persentiili vastausten määrän mukaan
Tuloshistoriasi
Et ole pelannut tätä visaa